000
00293nam a22001097a 4500
082
_a
355.02 DAL'H
100
_a
DALVI, J. P BRIGADIER
_9
77710
245
_a
HIMALAYAN BLUNDER THE CURTAIN RAIDER TO THE SINO INDIAN WAR OF 1962
260
_a
BOMBAY
_b
THACKER
_c
1969
300
_a
504P
942
_c
BK
999
_c
582929
_d
582929